000 00690nam a2200217Ia 4500
005 20250507130402.0
008 008 250505s9999 xx 000 0 chi d
020 _a978-1-86189-2980
037 _aAnnuals, Advances
040 _aEASL
_beng
_cEASL
041 _achi
_2eng
084 _aM31.42, P6
_qEASL
100 _aCwiertka Katarzyna J.
_9667489
245 0 _aModern Japanese cuisine:Food, power and national identity
260 _aUK
_bLondon Reaktion Books Ltd
_c2006
300 _a240p.
365 _a¥
_b5000
650 _aFood habits-Japan; Cookery-Japanese; Japan-Civilization
_9755315
942 _cTEXL
_hM31.42, P6
999 _c1319397
_d1319397